Frank LLoyd Wright: America's Master Architect (Record no. 368925)

MARC details
000 -LEADER
fixed length control field 00394 a2200145 4500
005 - DATE AND TIME OF LATEST TRANSACTION
control field 20251027113004.0
008 - FIXED-LENGTH DATA ELEMENTS--GENERAL INFORMATION
fixed length control field 251016b |||||||| |||| 00| 0 eng d
020 ## - INTERNATIONAL STANDARD BOOK NUMBER
International Standard Book Number 9780789202871
082 ## - DEWEY DECIMAL CLASSIFICATION NUMBER
Classification number 720.95/SMI
100 ## - MAIN ENTRY--PERSONAL NAME
Author Smith K
245 ## - TITLE STATEMENT
Title Frank LLoyd Wright: America's Master Architect
260 ## - PUBLICATION, DISTRIBUTION, ETC.
Name of publisher, distributor, etc. Abbeville Press Publishers
Date of publication, distribution, etc. 1998
Place of publication, distribution, etc. London
300 ## - PHYSICAL DESCRIPTION
Extent 143p
Other physical details HB
942 ## - ADDED ENTRY ELEMENTS (KOHA)
Koha item type Books
Holdings
Withdrawn status Lost status Source of classification or shelving scheme Damaged status Not for loan Home library Current library Date acquired Vendor Net Price Total Checkouts Full call number Barcode Date last seen Actual Price Bill Date Koha item type
    Dewey Decimal Classification     Dr. Bhanuben Nanavati College of Architecture Dr. Bhanuben Nanavati College of Architecture 16/10/2025 170 2099.08   720.95/SMI BNCA-BK-13301 16/10/2025 3331.88 16/10/2025 Books